LEADER 01057nam0-2200313---450- 001 990008434340403321 005 20070104141625.0 010 $a88-387-3373-2 035 $a000843434 035 $aFED01000843434 035 $a(Aleph)000843434FED01 035 $a000843434 100 $a20061205d2006----km-y0itay50------ba 101 0 $aita 102 $aIT 105 $ay---n-----00yy 200 1 $aVigilanza, sanzioni e sanatorie nell'edilizia$emanuale operativo annotato con la giurisprudenza$ei reati di edilizia ed urbanistica, le sanzioni amministrative, civili e fiscali, l'accertamento di conformitą e il condono$fNicola D'Angelo 210 $aRimini$cMaggioli$d2006 215 $a992 p.$d25 cm$e1 cd-rom 225 1 $aLegale amministrativo$v103 676 $a342$v11 rid.$zita 700 1$aD'Angelo,$bNicola$0284130 801 0$aIT$bUNINA$gRICA$2UNIMARC 901 $aBK 912 $a990008434340403321 952 $aVI D 1138$b7221$fDDA 959 $aDDA 996 $aVigilanza, sanzioni e sanatorie nell'edilizia$9727044 997 $aUNINA LEADER 02799nam 2200577 450 001 9910811886403321 005 20220518155042.0 010 $a1-4758-0911-5 035 $a(CKB)3710000000451051 035 $a(EBL)2096513 035 $a(SSID)ssj0001516601 035 $a(PQKBManifestationID)12649758 035 $a(PQKBTitleCode)TC0001516601 035 $a(PQKBWorkID)11494793 035 $a(PQKB)11584869 035 $a(MiAaPQ)EBC2096513 035 $a(Au-PeEL)EBL2096513 035 $a(CaPaEBR)ebr11309146 035 $a(CaONFJC)MIL814186 035 $a(OCoLC)914230704 035 $a(EXLCZ)993710000000451051 100 $a20220518d2015 uy 0 101 0 $aeng 135 $aur|n|---||||| 181 $ctxt 182 $cc 183 $acr 200 10$aAdventures in reasoning $ecommunal inquiry through fantasy role-play /$fJason J. Howard 210 1$aLanham, Maryland :$cRowman & Littlefield,$d[2015] 210 4$d©2015 215 $a1 online resource (161 p.) 300 $aDescription based upon print version of record. 311 $a1-4758-0910-7 327 $aContents; Preface; Acknowledgments; Introduction; I OVERVIEW, RESEARCH, AND RULES; Chapter One Fantasy Role-Play and the Search for thePhilosopher's Stone; Chapter Two The Basic Rules of Fantasy Role-Playing; Chapter Three Fantasy Role-Playing in Action; II THE ADVENTURE QUESTS; Chapter Four Organizing the Adventure:The Quest for Justice; Chapter Five Mission 2: Judging Truthfully; Chapter Six Mission 3: Diverse Factions; Chapter Seven Mission 4: The Scales of Justice; III SUPPORTING MATERIALSAND EXPLANATIONS; Chapter Eight Implementing and Assessing the Gameand Expanding the Rules 327 $aChapter Nine GlossaryAppendix Character Sheets and Equipment; Index 330 $aHelping students think more critically, communicate ideas more effectively, and work more cooperatively with others are goals widely recognized as indispensable to a proper education. Adventures in Reasoning: Communal Inquiry Through Fantasy Role-Play provides middle school, high school, and even post-secondary teachers with a method to cultivate these crucial skill sets in a way that is engaging, academically rigorous, and also fun. 606 $aPhilosophy$xStudy and teaching 606 $aFantasy games 606 $aEducational games 615 0$aPhilosophy$xStudy and teaching. 615 0$aFantasy games. 615 0$aEducational games. 676 $a107.1 700 $aHoward$b Jason J.$f1969-$01666442 801 0$bMiAaPQ 801 1$bMiAaPQ 801 2$bMiAaPQ 906 $aBOOK 912 $a9910811886403321 996 $aAdventures in reasoning$94025710 997 $aUNINA